<?xml version="1.0" encoding="UTF-8"?>
<record
    xmlns:xsi="http://www.w3.org/2001/XMLSchema-instance"
    xsi:schemaLocation="http://www.loc.gov/MARC21/slim http://www.loc.gov/standards/marcxml/schema/MARC21slim.xsd"
    xmlns="http://www.loc.gov/MARC21/slim">

  <leader>01122cam a2200277 a 4500</leader>
  <controlfield tag="003">EG-GiCUC</controlfield>
  <controlfield tag="008">161124s1995    jo     g      000 0 ara d</controlfield>
  <datafield tag="040" ind1=" " ind2=" ">
    <subfield code="a">EG-GiCUC</subfield>
    <subfield code="b">ara</subfield>
    <subfield code="c">EG-GiCUC</subfield>
  </datafield>
  <datafield tag="041" ind1="1" ind2=" ">
    <subfield code="a">ara</subfield>
    <subfield code="h">eng</subfield>
  </datafield>
  <datafield tag="043" ind1=" " ind2=" ">
    <subfield code="a">n-us---</subfield>
  </datafield>
  <datafield tag="092" ind1="0" ind2="4">
    <subfield code="a">378.125</subfield>
    <subfield code="b">M6633</subfield>
    <subfield code="2">21</subfield>
  </datafield>
  <datafield tag="099" ind1=" " ind2=" ">
    <subfield code="a">04</subfield>
    <subfield code="a">378.125 M6633</subfield>
  </datafield>
  <datafield tag="100" ind1="1" ind2=" ">
    <subfield code="a">&#x645;&#x64A;&#x646;&#x627;&#x647;&#x627;&#x646; : &#x62C;&#x648;&#x646; &#x627;&#x64A;&#x647; : </subfield>
    <subfield code="d">1956-</subfield>
  </datafield>
  <datafield tag="245" ind1="1" ind2="0">
    <subfield code="a">&#x62A;&#x639;&#x644;&#x64A;&#x645; &#x627;&#x644;&#x62F;&#x64A;&#x645;&#x648;&#x642;&#x631;&#x627;&#x637;&#x64A;&#x629; : </subfield>
    <subfield code="b">&#x645;&#x630;&#x643;&#x631;&#x627;&#x62A; &#x627;&#x633;&#x62A;&#x627;&#x630; &#x62C;&#x627;&#x645;&#x639;&#x649; / </subfield>
    <subfield code="c">&#x62A;&#x623;&#x644;&#x64A;&#x641; &#x62C;&#x648;&#x646; &#x627;&#x64A;&#x647; &#x645;&#x64A;&#x646;&#x627;&#x647;&#x627;&#x646; &#x61B; &#x62A;&#x631;&#x62C;&#x645;&#x629; &#x634;&#x62D;&#x62F;&#x629; &#x641;&#x627;&#x631;&#x639; &#x61B; &#x645;&#x631;&#x627;&#x62C;&#x639;&#x629; &#x641;&#x627;&#x631;&#x648;&#x642; &#x62C;&#x631;&#x627;&#x631;</subfield>
  </datafield>
  <datafield tag="260" ind1=" " ind2=" ">
    <subfield code="a">&#x639;&#x645;&#x627;&#x646; : &#x627;&#x644;&#x627;&#x631;&#x62F;&#x646; : </subfield>
    <subfield code="b">&#x62F;&#x627;&#x631; &#x627;&#x644;&#x628;&#x634;&#x64A;&#x631; : </subfield>
    <subfield code="c">1995</subfield>
  </datafield>
  <datafield tag="300" ind1=" " ind2=" ">
    <subfield code="a">200&#x635;&#x61B; </subfield>
    <subfield code="c">24 &#x633;&#x645; </subfield>
  </datafield>
  <datafield tag="546" ind1=" " ind2=" ">
    <subfield code="a">&#x627;&#x644;&#x62A;&#x631;&#x62C;&#x645;&#x629; &#x627;&#x644;&#x639;&#x631;&#x628;&#x64A;&#x629; &#x644;&#x640; : Teaching Democracy ...</subfield>
  </datafield>
  <datafield tag="650" ind1=" " ind2="7">
    <subfield code="a">&#x627;&#x644;&#x62A;&#x639;&#x644;&#x64A;&#x645; &#x627;&#x644;&#x639;&#x627;&#x644;&#x649;</subfield>
    <subfield code="x">&#x627;&#x644;&#x648;&#x644;&#x627;&#x64A;&#x627;&#x62A; &#x627;&#x644;&#x645;&#x62A;&#x62D;&#x62F;&#x629; &#x627;&#x644;&#x627;&#x645;&#x631;&#x64A;&#x643;&#x64A;&#x629;</subfield>
    <subfield code="2">qrmak</subfield>
  </datafield>
  <datafield tag="700" ind1="1" ind2=" ">
    <subfield code="a">&#x62C;&#x631;&#x627;&#x631; : &#x641;&#x627;&#x631;&#x648;&#x642;</subfield>
  </datafield>
  <datafield tag="700" ind1="1" ind2=" ">
    <subfield code="a">&#x641;&#x627;&#x631;&#x639; : &#x634;&#x62D;&#x62F;&#x629;</subfield>
  </datafield>
  <datafield tag="902" ind1=" " ind2=" ">
    <subfield code="a">1</subfield>
  </datafield>
  <datafield tag="905" ind1=" " ind2=" ">
    <subfield code="a">&#x62C;&#x64A;&#x647;&#x627;&#x646;</subfield>
    <subfield code="e">&#x645;&#x631;&#x627;&#x62C;&#x639;</subfield>
  </datafield>
  <datafield tag="905" ind1=" " ind2=" ">
    <subfield code="a">&#x639;&#x641;&#x627;&#x641;</subfield>
    <subfield code="e">&#x645;&#x62F;&#x62E;&#x644;</subfield>
  </datafield>
  <datafield tag="942" ind1=" " ind2=" ">
    <subfield code="2">ddc</subfield>
    <subfield code="c">BK</subfield>
  </datafield>
  <datafield tag="999" ind1=" " ind2=" ">
    <subfield code="c">145634</subfield>
    <subfield code="d">145634</subfield>
  </datafield>
  <datafield tag="952" ind1=" " ind2=" ">
    <subfield code="2">ddc</subfield>
    <subfield code="7">0</subfield>
    <subfield code="a">CUCL</subfield>
    <subfield code="b">cl312</subfield>
    <subfield code="d">2024-02-11</subfield>
    <subfield code="o">378.125 M6633 Am.W.</subfield>
    <subfield code="p">01000100150933000</subfield>
    <subfield code="r">2024-07-05 00:00:00</subfield>
    <subfield code="t">C.1</subfield>
    <subfield code="y">BK</subfield>
  </datafield>
</record>
